Statistics for Brazilian Coinage by Photo - Real

Click here to take the quiz!

General Stats

  • This quiz has been taken 8 times
  • The average score is 5 of 8

Answer Stats

Answer% Correct
1 Real [1998-Present]
83%
10 Centavos [1998-Present]
67%
1 Centavo/5 Centavos/10 Centavos/50 Centavos/1 Real [1994-1997]
67%
5 Centavos [1998-Present]
67%
1 Centavo [1998-Present]
50%
25 Centavos [1994-1997]
50%
25 Centavos [1998-Present]
50%
50 Centavos [1998-Present]
50%

Score Distribution

Percentile by Number Answered

Percent of People with Each Score

Your Score History

You have not taken this quiz